| 000 | 00576nam a22001697a 4500 | ||
|---|---|---|---|
| 999 |
_c189324 _d189324 |
||
| 005 | 20220623140136.0 | ||
| 010 | _aENG-133348 | ||
| 020 |
_a9789350578490 _c195.00 |
||
| 035 | _aEN-116880 | ||
| 037 | _bDBAD/PUB | ||
| 100 | _aSharma, Hari Dutt | ||
| 245 |
_aHelping A Child: _bThe way good parents should/ _cHari Dutt Sharma |
||
| 260 |
_aNew Delhi _bV&S Publishers |
||
| 270 |
_aF-2/16, Ansari road, Daryaganj, _bNew Delhi _e110002 _k011-23240026,23240027 _l011-23240028 _minfo@vspublishers.com |
||
| 300 |
_a93p. _c22cm(pbk) |
||
| 942 |
_2ddc _cEN _h649.1 _mSHA |
||